Statystyki dla najszybciej przyśpieszające seryjne auta od 0 do 100

Kliknij tutaj aby rozwiązać quiz!

Ogólne statystyki

  • Ten quiz został rozwiązany 204 razy
  • Średni wynik to 1 z 5

Statystyki odpowiedzi

Odpowiedź% Poprawnych
22,46sBugatti Veyron
93%
12,43sHennessey Viper Venom 800
19%
42,6sUltima GTR
11%
32,5sCaparo T1
3%
52,78sSSC Ultimate Aero TT
2%

Rozkład punktacji

Percentyl według liczby udzielonych odpowiedzi

Procent ludzi z każdym wynikiem

Twoja historia wyników

Nie rozwiązałeś tego quizu